000 nam a22 7a 4500
999 _c10273
_d10273
008 180213b ||||| |||| 00| 0 eng d
100 _aChoudhry, L
_96251
245 _aEnglish grammer. com - III
260 _aNew Delhi
_c2012